Phương pháp giải bài toán hóa học hữu cơ

সংরক্ষণ করুন:
গ্রন্থ-পঞ্জীর বিবরন
প্রধান লেখক: Trần, Thạch Văn
বিন্যাস: গ্রন্থ
ভাষা:Undetermined
প্রকাশিত: Hà Nội Đại học quốc gia Hà Nội 2004
বিষয়গুলি:
ট্যাগগুলো: ট্যাগ যুক্ত করুন
কোনো ট্যাগ নেই, প্রথমজন হিসাবে ট্যাগ করুন!
Thư viện lưu trữ: Trung tâm Học liệu Trường Đại học Cần Thơ
LEADER 00592nam a2200193Ia 4500
001 CTU_74668
008 210402s9999 xx 000 0 und d
020 |b 14500 
082 |a 547.0076 
082 |b V105 
100 |a Trần, Thạch Văn 
245 0 |a Phương pháp giải bài toán hóa học hữu cơ 
245 0 |c Trần Thạch Văn 
260 |a Hà Nội 
260 |b Đại học quốc gia Hà Nội 
260 |c 2004 
650 |a Chemistry, analytic,Chemistry, organic 
904 |a Năm 
980 |a Trung tâm Học liệu Trường Đại học Cần Thơ